El contrato de seguro

-д хадгалсан:
Номзүйн дэлгэрэнгүй
Үндсэн зохиолч: Stiglitz, Rubén S (Зохиогч)
Формат: Ном
Хэл сонгох:испани
Хэвлэсэн: Buenos Aires Abeledo-Perrot 1994
Хэвлэл:1a. ed
Цуврал:El Sistema Juridico en el Mercosur, 2
Нөхцлүүд:
Шошгууд: Шошго нэмэх
Шошго байхгүй, Энэхүү баримтыг шошголох эхний хүн болох!

MARC

LEADER 00000cam a2200000 a 4500
001 UCD5093
003 CL-VaPUC
008 160807e19940318ag |||||||||||||||||spa|d
020 |a 9502007867 
082 0 4 |a 341.754  |b STI  |2 21 
100 0 |a Stiglitz, Rubén S  |e author  |9 588823 
245 1 3 |a El contrato de seguro 
250 |a 1a. ed 
300 |a 141 p 
942 |c BK 
945 |d 20160807 22:49:00  |a arojas 
260 |a Buenos Aires  |b Abeledo-Perrot  |c 1994 
600 0 7 |a MERCOSUR  |2 CL-VaPUC  |9 330918 
650 0 |a Contratos comerciales  |9 374028 
650 0 |a Acuerdos comerciales  |9 337377 
650 7 |a COMERCIO INTERNACIONAL  |2 CL-VaPUC  |9 588824 
650 0 |a Economía internacional  |9 258254 
650 0 |a Derecho internacional  |9 255637 
650 7 |a SISTEMA JURIDICO  |2 CL-VaPUC  |9 588825 
583 |a last modification  |c 20160807 22:49:00  |k Rodrigo Vera 
490 0 |a El Sistema Juridico en el Mercosur, 2 
999 |c 365860  |d 365858 
952 |0 0  |1 0  |3 erb  |4 0  |6 341_754000000000000_STI_1994  |7 0  |8 A  |9 479830  |a BIBDER  |b BIBDER  |i 531335K  |o 341.754 STI 1994  |p 531335K  |r 2023-01-25  |w 2019-11-24  |y BK  |z Catalogado en:20160807  |k DER